LEADER 01336nam 2200325Ia 450 001 996390295403316 005 20200824132505.0 035 $a(CKB)4940000000098557 035 $a(EEBO)2264206370 035 $a(OCoLC)ocm9955715e 035 $a(OCoLC)9955715 035 $a(EXLCZ)994940000000098557 100 $a19830927d1649 uy | 101 0 $aeng 135 $aurbn||||a|bb| 200 10$aClavis Bibliorum$b[electronic resource] $ethe key of the Bible, unlocking the richest treasurie of the Holy Scriptures : whereby the 1. order, 2. names, 3. times, 4. penmen, 5. occasion, 6. scope, 7. principall parts containing the subject matter of every book of Old and New Testament are familiarly and briefly opened for the help of the weakest capacity in the understanding of the whole Bible /$fby Francis Roberts 210 $aEdinburgh $cPrinted by Gedeon Lithgow$d1649 215 $a420 p 300 $a"An epistle to the reader" signed: Edmund Calamy. 300 $aReproduction of original in the Harvard University Library. 330 $aeebo-0062 700 $aRoberts$b Francis$f1609-1675.$01002195 701 $aCalamy$b Edmund$f1600-1666.$01002065 801 0$bUMI 801 1$bUMI 801 2$bWaOLN 906 $aBOOK 912 $a996390295403316 996 $aClavis Bibliorum$92323698 997 $aUNISA LEADER 02329nam 2200601 a 450 001 9910141333103321 005 20220614044553.0 010 $a1-118-30111-0 010 $a1-280-58744-X 010 $a9786613617279 010 $a1-118-30109-9 010 $a1-118-30108-0 010 $a1-118-30110-2 035 $a(CKB)2670000000160741 035 $a(EBL)871509 035 $a(OCoLC)780445075 035 $a(SSID)ssj0000623490 035 $a(PQKBManifestationID)11431482 035 $a(PQKBTitleCode)TC0000623490 035 $a(PQKBWorkID)10648105 035 $a(PQKB)11237535 035 $a(MiAaPQ)EBC871509 035 $a(EXLCZ)992670000000160741 100 $a20120306d2012 uy 0 101 0 $aeng 135 $aur|n|---||||| 181 $ctxt 182 $cc 183 $acr 200 10$aSystematics $ea course of lectures /$fWard C. Wheeler 210 $aChichester [England] ;$aHoboken, N.J. $cWiley-Blackwell$d2012 215 $a1 online resource (460 p.) 300 $aDescription based upon print version of record. 311 0 $a0-470-67170-X 311 0 $a0-470-67169-6 320 $aIncludes bibliographical references and index. 327 $apt. 1. Fundamentals -- pt. 2. Homology -- pt. 3. Optimality criteria -- pt. 4. Trees -- pt. 5. Applications. 330 $aSystematics: A Course of Lectures is designed for use in an advanced undergraduate or introductory graduate level course in systematics and is meant to present core systematic concepts and literature. The book covers topics such as the history of systematic thinking and fundamental concepts in the field including species concepts, homology, and hypothesis testing. Analytical methods are covered in detail with chapters devoted to sequence alignment, optimality criteria, and methods such as distance, parsimony, maximum likelihood and Bayesian approaches. Trees and tree searching, consensu 606 $aBiology$vClassification 606 $aBiology$vTextbooks 608 $aElectronic books. 615 0$aBiology 615 0$aBiology 676 $a570 676 $a578.012 700 $aWheeler$b Ward$0855551 801 0$bMiAaPQ 801 1$bMiAaPQ 801 2$bMiAaPQ 906 $aBOOK 912 $a9910141333103321 996 $aSystematics$91909994 997 $aUNINA